[Event "BL 1718 SV Werder Bremen - OSG Baden Ba"]
[Site "?"]
[Date "2018.03.11"]
[Round "12.4"]
[White "Hracek, Zbynek"]
[Black "Wojtaszek, Radoslaw"]
[Result "1/2-1/2"]
[WhiteElo "2589"]
[BlackElo "2738"]
[PlyCount "42"]
[EventDate "2018.??.??"]
[EventType "team-tourn"]

1. d4 Nf6 2. c4 e6 3. Nf3 d5 4. Nc3 Bb4 5. Qb3 c5 6. dxc5 Na6 7. a3 Bxc3+ 8.
Qxc3 Nxc5 9. cxd5 Qxd5 10. Be3 Nce4 11. Qe5 Qxe5 12. Nxe5 Nd5 13. Bc1 Bd7 14.
f3 Nc5 15. e4 Nb3 16. Rb1 Nb6 17. Be3 Rc8 18. Nxd7 Kxd7 19. Be2 Ke7 20. Kf2
Rhd8 21. Rhd1 Rh8 1/2-1/2

[Event "BL 1718 SV Werder Bremen - OSG Baden Ba"]
[Site "?"]
[Date "2018.03.11"]
[Round "12.5"]
[White "Adams, Michael"]
[Black "Spoelman, Wouter"]
[Result "1/2-1/2"]
[WhiteElo "2705"]
[BlackElo "2561"]
[PlyCount "101"]
[EventDate "2018.??.??"]
[EventType "team-tourn"]

1. e4 c5 2. Nf3 e6 3. d4 cxd4 4. Nxd4 Nc6 5. Nc3 Qc7 6. g3 a6 7. Bg2 Nf6 8. O-O
Nxd4 9. Qxd4 Bc5 10. Bf4 d6 11. Qd2 h6 12. Rad1 e5 13. Be3 Be6 14. Bxc5 dxc5
15. Nd5 Bxd5 16. exd5 Qd6 17. c4 O-O 18. Bh3 Rfe8 19. Rfe1 Re7 20. Re3 b6 21.
a3 Rae8 22. b4 Rc7 23. Rb3 b5 24. Bf1 bxc4 25. Bxc4 cxb4 26. Qxb4 Qxb4 27. Rxb4
a5 28. d6 Rc5 29. Ra4 Rd8 30. Bb3 Ne8 31. Rd5 Rc3 32. Bc4 Nxd6 33. Bf1 f6 34.
Raxa5 Rc6 35. Ra7 Rb8 36. Rd1 Nf5 37. Bg2 Rc3 38. Bd5+ Kh8 39. Be4 Nd4 40. Bg6
f5 41. h4 f4 42. Kg2 Rf8 43. h5 fxg3 44. fxg3 Nf5 45. Rf7 Ne3+ 46. Kh3 Kg8 47.
Rxf8+ Kxf8 48. Ra1 Nd5 49. Kg2 Rc5 50. Rb1 Ra5 51. Rb8+ 1/2-1/2

[Event "BL 1718 SV Werder Bremen - OSG Baden Ba"]
[Site "?"]
[Date "2018.03.11"]
[Round "12.6"]
[White "Werle, Jan"]
[Black "Vallejo Pons, Francisco"]
[Result "0-1"]
[WhiteElo "2524"]
[BlackElo "2716"]
[PlyCount "68"]
[EventDate "2018.??.??"]
[EventType "team-tourn"]

1. Nf3 e6 2. c4 c5 3. g3 b6 4. Bg2 Bb7 5. O-O Nf6 6. Nc3 Be7 7. d4 cxd4 8. Qxd4
d6 9. Bg5 O-O 10. Rfd1 Nbd7 11. Nd2 Bxg2 12. Kxg2 Qc7 13. Nde4 h6 14. Bxf6 Nxf6
15. Rac1 Rfd8 16. b3 a6 17. f3 Ne8 18. Nf2 Qb7 19. a4 Rac8 20. e4 Nf6 21. Qd3
Nd7 22. Qb1 Nc5 23. h4 Rf8 24. Nd3 Bf6 25. Nxc5 bxc5 26. Ne2 Rc6 27. Rd3 Rb8
28. Qc2 Rb6 29. Rb1 Be5 30. a5 Rb4 31. Rdd1 Qc7 32. Qa2 R8b7 33. Nc1 Qb8 34.
Nd3 Rxb3 0-1

[Event "BL 1718 SV Werder Bremen - OSG Baden Ba"]
[Site "?"]
[Date "2018.03.11"]
[Round "12.7"]
[White "Bacrot, Etienne"]
[Black "Markgraf, Rolf-Alexander"]
[Result "1-0"]
[WhiteElo "2718"]
[BlackElo "2505"]
[PlyCount "82"]
[EventDate "2018.??.??"]
[EventType "team-tourn"]

1. e4 c5 2. Nf3 d6 3. d4 cxd4 4. Nxd4 Nf6 5. Nc3 Nc6 6. f3 e5 7. Nb3 Be7 8. Be3
O-O 9. Qd2 Be6 10. O-O-O a5 11. Bb5 a4 12. Bxa4 Qc7 13. Kb1 Rfd8 14. Qf2 Rdc8
15. Bb5 Qb8 16. a3 Na7 17. Bxa7 Rxa7 18. Rd3 b6 19. g4 Rac7 20. Rhd1 Qb7 21.
R1d2 Qa7 22. Nd5 Bxd5 23. exd5 Nd7 24. Bxd7 Rxd7 25. Re2 Rdc7 26. f4 f6 27. c3
Qa4 28. Ka2 b5 29. Nd2 Ra8 30. Qf3 Rca7 31. Qe4 Qd1 32. Nb1 Qf1 33. Rf3 Qg1 34.
fxe5 dxe5 35. d6 Bf8 36. Rd2 Qc1 37. Rfd3 Kh8 38. h3 Ra4 39. Qb7 e4 40. Rd4
R4a7 41. Qxe4 Rd8 1-0

[Event "BL 1718 SV Werder Bremen - OSG Baden Ba"]
[Site "?"]
[Date "2018.03.11"]
[Round "12.8"]
[White "Grigorian, Spartak"]
[Black "Naiditsch, Arkadij"]
[Result "0-1"]
[WhiteElo "2321"]
[BlackElo "2701"]
[PlyCount "46"]
[EventDate "2018.??.??"]
[EventType "team-tourn"]

1. d4 e6 2. c4 Bb4+ 3. Nc3 f5 4. e3 Bxc3+ 5. bxc3 Nf6 6. Bd3 O-O 7. Ne2 d6 8.
Qc2 c5 9. O-O Nc6 10. Rb1 b6 11. Ng3 h5 12. d5 Ne5 13. dxe6 g6 14. e4 h4 15.
Nxf5 gxf5 16. exf5 Bb7 17. Bh6 Kh7 18. Bg5 Qe8 19. Rbe1 Nf3+ 20. gxf3 Qh5 21.
Be4 Rg8 22. f4 Qg4+ 23. Kh1 Bxe4+ 0-1

[Event "BL 1718 SV Mülheim Nord - Speyer-Schwe"]
[Site "?"]
[Date "2018.03.11"]
[Round "12.1"]
[White "Oleksiyenko, Mykhaylo"]
[Black "Navara, David"]
[Result "0-1"]
[WhiteElo "2618"]
[BlackElo "2737"]
[PlyCount "104"]
[EventDate "2018.??.??"]
[EventType "team-tourn"]

1. c4 e5 2. Nc3 Nf6 3. Nf3 Nc6 4. e3 Bb4 5. Qc2 Bxc3 6. Qxc3 Qe7 7. Be2 d5 8.
cxd5 Nxd5 9. Qb3 Nb6 10. d3 Bg4 11. Bd2 O-O-O 12. Rc1 f5 13. h3 Bh5 14. Qa3
Qxa3 15. bxa3 Bxf3 16. gxf3 Na4 17. Rc2 Rd5 18. O-O Nc5 19. e4 Nd4 20. exd5
Nxc2 21. Rc1 Nd4 22. Rxc5 Nxe2+ 23. Kf1 b6 24. Rc4 Nd4 25. Bc3 Rd8 26. Bxd4
exd4 27. Rxd4 c5 28. Rh4 h6 29. Rc4 Rxd5 30. Ke2 Kd7 31. a4 Ke6 32. f4 Kf6 33.
Ke3 Kg6 34. Rc1 Kh5 35. Rb1 Kh4 36. a5 Rd6 37. axb6 axb6 38. Rg1 g6 39. Rh1 b5
40. Rc1 Kxh3 41. Rxc5 h5 42. d4 Kg2 43. d5 h4 44. Rc6 Rxd5 45. Rxg6+ Kh2 46. a4
bxa4 47. Ra6 Rd8 48. Rxa4 Kg2 49. Ra5 Re8+ 50. Kd3 Rf8 51. Ra7 Kxf2 52. Kd4 Re8
0-1

[Event "BL 1718 SV Mülheim Nord - Speyer-Schwe"]
[Site "?"]
[Date "2018.03.11"]
[Round "12.2"]
[White "Tregubov, Pavel V"]
[Black "Meskovs, Nikita"]
[Result "1/2-1/2"]
[WhiteElo "2579"]
[BlackElo "2536"]
[PlyCount "101"]
[EventDate "2018.??.??"]
[EventType "team-tourn"]

1. d4 Nf6 2. c4 e6 3. Nc3 Bb4 4. e3 c5 5. Bd3 Nc6 6. Nge2 cxd4 7. exd4 d5 8.
cxd5 Nxd5 9. O-O O-O 10. Nxd5 exd5 11. Nf4 g6 12. Be3 Ba5 13. Qf3 Bb6 14. Nxd5
Nxd4 15. Qe4 Bf5 16. Ne7+ Kh8 17. Bxd4+ Qxd4 18. Qxd4+ Bxd4 19. Bxf5 Rae8 20.
Rad1 Bxb2 21. Rd7 Ba3 22. Nd5 gxf5 23. Rxb7 Bc5 24. Nf6 Rb8 25. Rxb8 Rxb8 26.
Nd7 Rc8 27. g3 Bd4 28. Rd1 Rc4 29. Rd2 Kg7 30. Kg2 f6 31. Nb8 Kf7 32. Nc6 Bb6
33. Nxa7 Kg6 34. Nb5 Bc5 35. Kf3 h5 36. h4 Rc1 37. a4 Ra1 38. Rc2 Bb6 39. Rc6
Ba5 40. Ra6 Rxa4 41. Ra7 Ra1 42. Ra8 Bc3 43. Rxa1 Bxa1 44. Ke3 Bb2 45. f4 Kf7
46. Kd2 Ke6 47. Kc2 Ba1 48. Kb1 Be5 49. Kc2 Ba1 50. Kb1 Be5 51. Kc2 1/2-1/2

[Event "BL 1718 SV Mülheim Nord - Speyer-Schwe"]
[Site "?"]
[Date "2018.03.11"]
[Round "12.3"]
[White "Horvath, Adam"]
[Black "Levin, Felix"]
[Result "1-0"]
[WhiteElo "2484"]
[BlackElo "2477"]
[PlyCount "121"]
[EventDate "2018.??.??"]
[EventType "team-tourn"]

1. e4 e5 2. Nf3 Nc6 3. Bc4 Bc5 4. c3 Nf6 5. d3 d6 6. O-O h6 7. a4 a6 8. Re1 O-O
9. h3 Ba7 10. Nbd2 Re8 11. b4 Be6 12. Bxe6 Rxe6 13. Qc2 Nh5 14. Nf1 Rg6 15. Be3
Qf6 16. Kh2 Nf4 17. Bxf4 Qxf4+ 18. Kh1 Re8 19. b5 Nd8 20. bxa6 bxa6 21. Rab1
Qf6 22. Ng3 Qe6 23. d4 Rf6 24. Nf5 Qc4 25. Rb4 Qc6 26. Qd3 Qa8 27. Rb2 Bb6 28.
d5 Nb7 29. Nh2 Nc5 30. Qc2 h5 31. Ra2 g6 32. Ne3 Qc8 33. Nc4 Ba7 34. Na5 Bb6
35. Nc4 Ba7 36. f3 h4 37. Rb1 Rf4 38. Na5 Bb6 39. Nc4 Nd7 40. a5 Ba7 41. Nb2
Nc5 42. Ng4 Kg7 43. Nf2 Rf6 44. Nbd1 Rf4 45. c4 f5 46. Nc3 Rf8 47. Ne2 fxe4 48.
Nxf4 Rxf4 49. Nxe4 Nxe4 50. fxe4 Qf8 51. Qd3 Bc5 52. Rc2 g5 53. Rcc1 g4 54.
hxg4 h3 55. Qxh3 Qf6 56. Kh2 Qh6 57. Rb7 Rxg4 58. Rxc7+ Kg6 59. Qxh6+ Kxh6 60.
Rxc5 dxc5 61. d6 1-0

[Event "BL 1718 SV Mülheim Nord - Speyer-Schwe"]
[Site "?"]
[Date "2018.03.11"]
[Round "12.4"]
[White "Feygin, Michael"]
[Black "Nemeth, Miklos"]
[Result "1/2-1/2"]
[WhiteElo "2499"]
[BlackElo "2492"]
[PlyCount "42"]
[EventDate "2018.??.??"]
[EventType "team-tourn"]

1. e4 e5 2. Nf3 Nc6 3. Bb5 a6 4. Bxc6 dxc6 5. O-O Bg4 6. h3 h5 7. d3 Qf6 8. Be3
Bxf3 9. Qxf3 Qxf3 10. gxf3 Bd6 11. Kg2 Ne7 12. Rg1 f6 13. c4 Ng6 14. Kf1 Kf7
15. Nd2 c5 16. Nb3 b6 17. Rd1 Nf8 18. Nc1 Ne6 19. Ne2 Rad8 20. Ke1 Rd7 21. Kd2
Rhd8 1/2-1/2

[Event "BL 1718 SV Mülheim Nord - Speyer-Schwe"]
[Site "?"]
[Date "2018.03.11"]
[Round "12.5"]
[White "Shytaj, Luca"]
[Black "Zelbel, Patrick"]
[Result "1/2-1/2"]
[WhiteElo "2454"]
[BlackElo "2440"]
[PlyCount "45"]
[EventDate "2018.??.??"]
[EventType "team-tourn"]

1. e4 e5 2. Nf3 Nc6 3. Bc4 Nf6 4. d3 Bc5 5. h3 O-O 6. Nc3 a6 7. a4 Kh8 8. Ba2
Qe8 9. Bg5 Be7 10. O-O d6 11. d4 exd4 12. Nxd4 Nxd4 13. Qxd4 Be6 14. a5 Rd8 15.
Rfe1 Nd7 16. Be3 Bf6 17. Qd2 Nc5 18. Bd4 Bxd4 19. Qxd4 Bxa2 20. Nxa2 Qe5 21.
Rad1 Ne6 22. Qxe5 dxe5 23. Nc1 1/2-1/2

[Event "BL 1718 SV Mülheim Nord - Speyer-Schwe"]
[Site "?"]
[Date "2018.03.11"]
[Round "12.6"]
[White "Hausrath, Daniel"]
[Black "Yankelevich, Lev"]
[Result "1/2-1/2"]
[WhiteElo "2503"]
[BlackElo "2437"]
[PlyCount "73"]
[EventDate "2018.??.??"]
[EventType "team-tourn"]

1. Nf3 d5 2. g3 g6 3. Bg2 Bg7 4. d4 Nf6 5. O-O O-O 6. c3 a5 7. a4 Bf5 8. Bf4
Nc6 9. Na3 Nh5 10. Be3 Be4 11. Bh3 Bxf3 12. exf3 e6 13. Re1 Nf6 14. Qb3 Qd7 15.
Re2 Ra6 16. Nc2 Rb6 17. Qa2 Ne7 18. Ne1 Ra6 19. Nd3 Qc8 20. Rae1 Nd7 21. Bg5
Bf6 22. Bxf6 Nxf6 23. Qa3 Rd6 24. Ne5 Qd8 25. Qa1 Nd7 26. Nd3 b6 27. Qc1 Nc6
28. Bg2 Kg7 29. h4 h5 30. Bh3 Qf6 31. Kg2 Ne7 32. Re5 Nc6 33. Rg5 Rh8 34. Nf4
Nf8 35. Rge5 Nd8 36. Qd2 Nd7 37. Qd3 1/2-1/2

[Event "BL 1718 SV Mülheim Nord - Speyer-Schwe"]
[Site "?"]
[Date "2018.03.11"]
[Round "12.7"]
[White "Ruck, Robert"]
[Black "Dinstuhl, Volkmar"]
[Result "1/2-1/2"]
[WhiteElo "2529"]
[BlackElo "2384"]
[PlyCount "73"]
[EventDate "2018.??.??"]
[EventType "team-tourn"]

1. Nf3 c5 2. c4 Nf6 3. Nc3 d5 4. cxd5 Nxd5 5. d4 e6 6. e4 Nxc3 7. bxc3 cxd4 8.
cxd4 Bb4+ 9. Bd2 Bxd2+ 10. Qxd2 O-O 11. Rc1 b6 12. Bd3 Bb7 13. O-O Nd7 14. Qe3
Nf6 15. Ne5 Qe7 16. f3 Rac8 17. Bc4 Rfd8 18. Bb3 h6 19. Rfd1 Ne8 20. Rxc8 Rxc8
21. Qf4 Nf6 22. Nc4 Rd8 23. Qe5 Kf8 24. Ne3 Qb4 25. h3 Qc3 26. Kf2 Ba6 27. Ng4
Nxg4+ 28. hxg4 Bc4 29. Bxc4 Qxc4 30. Rd2 Qc1 31. Ke2 Qg1 32. Qg3 Rc8 33. Qf2
Qb1 34. Qe3 Qh1 35. Qf2 Qb1 36. Qe3 Qh1 37. Qf2 1/2-1/2

[Event "BL 1718 SV Mülheim Nord - Speyer-Schwe"]
[Site "?"]
[Date "2018.03.11"]
[Round "12.8"]
[White "Rezasade, Amir"]
[Black "Kovacs, Gabor"]
[Result "1/2-1/2"]
[WhiteElo "2356"]
[BlackElo "2458"]
[PlyCount "95"]
[EventDate "2018.??.??"]
[EventType "team-tourn"]

1. c4 e6 2. g3 d5 3. Bg2 Nf6 4. Nf3 Be7 5. O-O O-O 6. d4 dxc4 7. Qc2 a6 8. Qxc4
b5 9. Qc2 Bb7 10. Bd2 Be4 11. Qc1 c6 12. Be3 Nbd7 13. Nbd2 Bd5 14. Nb3 Qc7 15.
Bg5 Rfd8 16. Qf4 Qxf4 17. gxf4 c5 18. dxc5 Nxc5 19. Nxc5 Bxc5 20. Rfc1 Rdc8 21.
Bxf6 gxf6 22. Ne1 Bxg2 23. Kxg2 Kf8 24. Kf3 Bd6 25. Nd3 Ke7 26. a4 Rxc1 27.
Nxc1 bxa4 28. Rxa4 Rc8 29. Nd3 Rc6 30. Ra5 f5 31. Ke3 Kd8 32. Ra1 Ke7 33. Rg1
Kf8 34. Ra1 Ke7 35. Kd2 Bc7 36. Ra3 Kd7 37. h4 h5 38. Ra1 Ke8 39. Rg1 Kf8 40.
Ke3 Bd8 41. Kd2 Bf6 42. f3 Rb6 43. Kc2 Rc6+ 44. Kb3 Rb6+ 45. Kc2 Rc6+ 46. Kd2
Rb6 47. Kc2 Rc6+ 48. Kd2 1/2-1/2

[Event "BL 1718 SG Solingen - SV Hockenheim"]
[Site "?"]
[Date "2018.03.11"]
[Round "12.1"]
[White "Jobava, Baadur"]
[Black "Ragger, Markus"]
[Result "1/2-1/2"]
[WhiteElo "2685"]
[BlackElo "2668"]
[PlyCount "93"]
[EventDate "2018.??.??"]
[EventType "team-tourn"]

1. d4 Nf6 2. Bg5 Ne4 3. Bf4 c5 4. f3 Qa5+ 5. c3 Nf6 6. Nd2 cxd4 7. Nb3 Qd8 8.
cxd4 e6 9. e4 Nc6 10. Ne2 d5 11. Nc3 dxe4 12. fxe4 Bb4 13. Bd3 e5 14. dxe5 Nh5
15. Be3 Bg4 16. Be2 Qh4+ 17. Bf2 Bxe2 18. Bxh4 Bxd1 19. Rxd1 Nf4 20. Bg3 Nh5
21. Bh4 Nf4 22. Bg3 Nh5 23. Bf2 Nf4 24. g3 Ne6 25. O-O Bxc3 26. bxc3 Nxe5 27.
Rd5 Nc4 28. Na5 Nxa5 29. Rxa5 a6 30. a4 O-O 31. Rb1 Rfc8 32. Rxb7 Rxc3 33. Rb6
Rd8 34. Rbxa6 Rd1+ 35. Kg2 g6 36. Rd5 Ra1 37. Rd7 Rc2 38. Ra8+ Kg7 39. Raa7 Nd8
40. Rxd8 Raa2 41. g4 Rxf2+ 42. Kg3 Rg2+ 43. Kf4 Raf2+ 44. Ke3 Re2+ 45. Kf4
Ref2+ 46. Ke3 Re2+ 47. Kf4 1/2-1/2

[Event "BL 1718 SG Solingen - SV Hockenheim"]
[Site "?"]
[Date "2018.03.11"]
[Round "12.2"]
[White "Van Wely, Loek"]
[Black "Ponomariov, Ruslan"]
[Result "1/2-1/2"]
[WhiteElo "2667"]
[BlackElo "2697"]
[PlyCount "54"]
[EventDate "2018.??.??"]
[EventType "team-tourn"]

1. Nf3 d5 2. d4 Nf6 3. c4 dxc4 4. e3 e6 5. Bxc4 a6 6. O-O c5 7. dxc5 Bxc5 8.
Qxd8+ Kxd8 9. Ne5 Ke7 10. Be2 Nbd7 11. Nc4 b6 12. Nbd2 a5 13. Nb3 Ba6 14. Nxc5
bxc5 15. f3 Rhb8 16. Kf2 a4 17. e4 Rb4 18. b3 axb3 19. axb3 Rxb3 20. Be3 Rbb8
21. Nd2 Bxe2 22. Kxe2 Ne8 23. Rxa8 Rxa8 24. Rc1 Rc8 25. Nb3 c4 26. Na5 Nd6 27.
Bd2 Ne5 1/2-1/2

[Event "BL 1718 SG Solingen - SV Hockenheim"]
[Site "?"]
[Date "2018.03.11"]
[Round "12.3"]
[White "Howell, David W L"]
[Black "Van Kampen, Robin"]
[Result "1/2-1/2"]
[WhiteElo "2701"]
[BlackElo "2651"]
[PlyCount "48"]
[EventDate "2018.??.??"]
[EventType "team-tourn"]

1. Nf3 Nf6 2. c4 b6 3. g3 c5 4. Bg2 Bb7 5. O-O g6 6. b3 Bg7 7. Bb2 O-O 8. Nc3
d5 9. Nxd5 Nxd5 10. Bxg7 Kxg7 11. cxd5 Qxd5 12. d4 Na6 13. dxc5 Nxc5 14. Qxd5
Bxd5 15. Rfd1 Rfd8 16. Rac1 Kf6 17. h4 Rac8 18. b4 Bxf3 19. Rxd8 Rxd8 20. Bxf3
Ne6 21. Rc3 Nd4 22. Rc7 Nb5 23. Rb7 Rd4 24. a4 Nd6 1/2-1/2

[Event "BL 1718 SG Solingen - SV Hockenheim"]
[Site "?"]
[Date "2018.03.11"]
[Round "12.4"]
[White "Bok, Benjamin"]
[Black "Moiseenko, Alexander"]
[Result "1/2-1/2"]
[WhiteElo "2622"]
[BlackElo "2659"]
[PlyCount "76"]
[EventDate "2018.??.??"]
[EventType "team-tourn"]

1. d4 Nf6 2. c4 e6 3. g3 c5 4. Nf3 cxd4 5. Nxd4 d5 6. Bg2 e5 7. Nf3 d4 8. O-O
Nc6 9. e3 Be7 10. exd4 exd4 11. Bf4 O-O 12. Ne5 Qb6 13. Re1 Be6 14. Nd2 Rad8
15. Qb3 Qa6 16. Ndf3 d3 17. Rad1 Ng4 18. Rxd3 Rxd3 19. Qxd3 Rd8 20. Qb3 Ncxe5
21. Nxe5 Qa5 22. Nf3 Bc5 23. Re2 Bxf2+ 24. Rxf2 Qc5 25. Qc2 Bxc4 26. b4 Qb6 27.
Bf1 Nxf2 28. Bxc4 Nd3+ 29. Kg2 Nxf4+ 30. gxf4 Qxb4 31. Kg3 g6 32. Bb3 Kg7 33.
Qc7 Rf8 34. Ng5 Qe1+ 35. Kg2 Qe2+ 36. Kg3 Qe1+ 37. Kg2 Qe2+ 38. Kg3 Qe1+
1/2-1/2

[Event "BL 1718 SG Solingen - SV Hockenheim"]
[Site "?"]
[Date "2018.03.11"]
[Round "12.5"]
[White "Wagner, Dennis"]
[Black "Smeets, Jan"]
[Result "1-0"]
[WhiteElo "2566"]
[BlackElo "2601"]
[PlyCount "93"]
[EventDate "2018.??.??"]
[EventType "team-tourn"]

1. d4 d5 2. c4 c6 3. Nc3 dxc4 4. e4 b5 5. a4 a6 6. axb5 cxb5 7. Nxb5 axb5 8.
Rxa8 Bb7 9. Ra1 e6 10. Ne2 Bxe4 11. Nc3 Bb4 12. Be2 Qd5 13. f3 Bg6 14. O-O Qb7
15. Ne4 Qb6 16. b3 Bxe4 17. fxe4 Bc3 18. Ra8 Nf6 19. Be3 O-O 20. bxc4 bxc4 21.
Qb1 Bb2 22. Kh1 Qb7 23. Ra2 c3 24. Bd3 e5 25. dxe5 Nfd7 26. e6 fxe6 27. Rxf8+
Nxf8 28. Ra7 Qc6 29. Qf1 Nbd7 30. Bb5 Qd6 31. Bxd7 Nxd7 32. Ra8+ Nf8 33. e5 Qe7
34. Ra7 Qe8 35. Bd4 h6 36. h3 Ng6 37. Qf3 Kh7 38. Qf6 Qg8 39. h4 Bc1 40. Bxc3
Be3 41. Rd7 Nf4 42. Ba5 Bc1 43. Qe7 Kg6 44. Qc5 Qa8 45. Qc2+ Kh5 46. Qd1+ Kxh4
47. Rxg7 1-0

[Event "BL 1718 SG Solingen - SV Hockenheim"]
[Site "?"]
[Date "2018.03.11"]
[Round "12.6"]
[White "Predojevic, Borki"]
[Black "Saric, Ivan"]
[Result "0-1"]
[WhiteElo "2630"]
[BlackElo "2657"]
[PlyCount "80"]
[EventDate "2018.??.??"]
[EventType "team-tourn"]

1. e4 c5 2. Nf3 d6 3. Bb5+ Nd7 4. d4 cxd4 5. Qxd4 a6 6. Bxd7+ Bxd7 7. O-O e5 8.
Qd3 Rc8 9. Nc3 h6 10. Nd2 Be6 11. Rd1 Nf6 12. Nf1 Be7 13. Ne3 O-O 14. a4 Qb6
15. a5 Qc5 16. Bd2 Bd8 17. Ra3 Bxa5 18. Ncd5 Bd8 19. Bb4 Qd4 20. Bxd6 Re8 21.
Qxd4 exd4 22. Rxd4 Bxd5 23. exd5 Bb6 24. Rd1 Bxe3 25. Rxe3 Red8 26. Bb4 Rxc2
27. d6 Rxb2 28. Ba3 Rc2 29. h3 b5 30. Bb4 Rc4 31. Rb3 Ne4 32. Rd5 Rd7 33. f3
Ng5 34. Rd1 Ne6 35. Ba5 Rd4 36. Rc1 R7xd6 37. Rc8+ Kh7 38. Ra8 Ra4 39. Bb4 Rd4
40. Be7 Rd2 0-1

[Event "BL 1718 SG Solingen - SV Hockenheim"]
[Site "?"]
[Date "2018.03.11"]
[Round "12.7"]
[White "Buhmann, Rainer"]
[Black "Andersen, Mads"]
[Result "1/2-1/2"]
[WhiteElo "2588"]
[BlackElo "2605"]
[PlyCount "73"]
[EventDate "2018.??.??"]
[EventType "team-tourn"]

1. d4 Nf6 2. c4 g6 3. Nc3 Bg7 4. e4 d6 5. Be2 O-O 6. Be3 c5 7. dxc5 Qa5 8. f3
dxc5 9. e5 Nfd7 10. f4 Nc6 11. Nf3 f6 12. O-O fxe5 13. fxe5 Ndxe5 14. Qd5+ e6
15. Qxc5 Ng4 16. Qxa5 Nxa5 17. Bd2 b6 18. h3 Nh6 19. Rad1 Nf5 20. Rfe1 Bb7 21.
c5 Nd4 22. cxb6 axb6 23. Ng5 h6 24. Nge4 Nxe2+ 25. Rxe2 Rad8 26. Nf2 Nc4 27.
Be1 Kf7 28. b3 Nd6 29. Ng4 Nf5 30. Ne5+ Bxe5 31. Rxe5 Rxd1 32. Nxd1 Rd8 33. Nc3
Bc6 34. Re2 Rd3 35. Kf2 Nd4 36. Rd2 Rxc3 37. Rxd4 1/2-1/2

[Event "BL 1718 SG Solingen - SV Hockenheim"]
[Site "?"]
[Date "2018.03.11"]
[Round "12.8"]
[White "Nikolic, Predrag"]
[Black "Banusz, Tamas"]
[Result "1/2-1/2"]
[WhiteElo "2593"]
[BlackElo "2618"]
[PlyCount "163"]
[EventDate "2018.??.??"]
[EventType "team-tourn"]

1. d4 Nf6 2. c4 e6 3. Nf3 d5 4. Nc3 Nbd7 5. Bg5 c6 6. e3 h6 7. Bh4 g5 8. Bg3
Nh5 9. cxd5 Nxg3 10. hxg3 exd5 11. Qc2 Bg7 12. e4 dxe4 13. Qxe4+ Qe7 14. Bc4 g4
15. Nh4 Nb6 16. Be2 Qxe4 17. Nxe4 Ke7 18. O-O-O Rd8 19. f3 h5 20. fxg4 hxg4 21.
Bd3 Rxd4 22. Rhe1 Kf8 23. Nc3 Bd7 24. Rf1 Kg8 25. Nf5 Bxf5 26. Bxf5 Rc4 27. Kb1
Bxc3 28. bxc3 Nd5 29. Rde1 Rxc3 30. Bxg4 Rxg3 31. Bf3 Kf8 32. Rh1 Nf6 33. Rh4
Rd8 34. Re5 Kg7 35. Kc2 Rd7 36. a4 Nh7 37. a5 Ng5 38. Rg4 Rxg4 39. Bxg4 Rd5 40.
Re7 Rxa5 41. Rxb7 Ra2+ 42. Kb3 Rxg2 43. Bc8 Nf3 44. Rxa7 Ne5 45. Ra5 Kf6 46.
Ra1 Ke7 47. Kb4 Kd6 48. Rd1+ Kc7 49. Bf5 Rf2 50. Bh7 Rf3 51. Re1 f6 52. Be4 Rf4
53. Kc3 Kd6 54. Bh7 Rf3+ 55. Kc2 Kc5 56. Re4 Kd5 57. Ra4 f5 58. Kd2 Ke6 59. Ke2
Rh3 60. Bg8+ Kf6 61. Kf2 Rh8 62. Ba2 Rh2+ 63. Ke3 Rh3+ 64. Ke2 Rc3 65. Kd2 Rg3
66. Ke2 Rg4 67. Ra8 Kg5 68. Be6 Re4+ 69. Kf1 Nf3 70. Bd7 Nd4 71. Rc8 Kf4 72.
Bxc6 Re3 73. Bd5 Rd3 74. Ba8 Ra3 75. Bd5 Nf3 76. Bxf3 Kxf3 77. Kg1 f4 78. Rb8
Re3 79. Rf8 Re1+ 80. Kh2 Ra1 81. Rb8 Ra3 82. Kg1 1/2-1/2

[Event "BL 1718 DJK Aachen - SV Hofheim"]
[Site "?"]
[Date "2018.03.11"]
[Round "12.1"]
[White "Volokitin, Andrei"]
[Black "van Foreest, Jorden"]
[Result "0-1"]
[WhiteElo "2639"]
[BlackElo "2631"]
[PlyCount "56"]
[EventDate "2018.??.??"]
[EventType "team-tourn"]

1. e4 c6 2. d4 d5 3. e5 c5 4. dxc5 e6 5. a3 Bxc5 6. Nf3 Ne7 7. Bd3 Ng6 8. O-O
Qc7 9. b4 Be7 10. Bb2 O-O 11. g3 a5 12. b5 Nd7 13. Qe2 Nc5 14. h4 f6 15. Bxg6
hxg6 16. exf6 gxf6 17. c4 Nb3 18. Qd3 Bc5 19. Qxb3 Qxg3+ 20. Kh1 Qh3+ 21. Kg1
b6 22. Qd1 Bb7 23. Nh2 Bd6 24. f4 Bc5+ 25. Kh1 dxc4+ 26. Rf3 Rad8 27. Qe2 Rd3
28. Nd2 Rxd2 0-1

[Event "BL 1718 DJK Aachen - SV Hofheim"]
[Site "?"]
[Date "2018.03.11"]
[Round "12.2"]
[White "Parligras, Mircea Emilian"]
[Black "Schroeder, Jan-Christian"]
[Result "0-1"]
[WhiteElo "2642"]
[BlackElo "2555"]
[PlyCount "104"]
[EventDate "2018.??.??"]
[EventType "team-tourn"]

1. d4 d5 2. c4 e6 3. Nf3 Nf6 4. Nc3 Be7 5. Bf4 O-O 6. e3 Nbd7 7. a3 c5 8. cxd5
Nxd5 9. Nxd5 exd5 10. dxc5 Nxc5 11. Be5 Bf6 12. Bxf6 Qxf6 13. Qd4 Qe7 14. Rd1
Rd8 15. Qf4 Bd7 16. Rxd5 Ba4 17. Rd4 Rxd4 18. Nxd4 Rc8 19. Qg4 Bd7 20. Qd1 Qe4
21. Qc2 Nd3+ 22. Qxd3 Qxd3 23. Bxd3 Rc1+ 24. Kd2 Rxh1 25. h3 Kf8 26. Be4 b6 27.
f4 g6 28. Ne2 Ke7 29. Ng3 Rg1 30. Ne2 Rh1 31. Ng3 Rg1 32. Ne2 Rf1 33. Nd4 Rf2+
34. Kc3 h6 35. b4 g5 36. Bf3 Kd6 37. Kc4 Ra2 38. Kb3 Ra1 39. Kb2 Re1 40. Nc2
Rf1 41. Nd4 f5 42. g4 gxf4 43. exf4 Rf2+ 44. Kc3 Rh2 45. gxf5 Rxh3 46. Kd2 Ke7
47. Ke3 Rh2 48. Bd5 Kf6 49. Be6 Rh3+ 50. Ke4 Ba4 51. b5 Rxa3 52. Nc6 Bc2+ 0-1

[Event "BL 1718 DJK Aachen - SV Hofheim"]
[Site "?"]
[Date "2018.03.11"]
[Round "12.3"]
[White "Savchenko, Stanislav"]
[Black "Handke, Florian"]
[Result "1/2-1/2"]
[WhiteElo "2463"]
[BlackElo "2534"]
[PlyCount "77"]
[EventDate "2018.??.??"]
[EventType "team-tourn"]

1. Nf3 Nf6 2. c4 g6 3. Nc3 d5 4. cxd5 Nxd5 5. e4 Nxc3 6. dxc3 Qxd1+ 7. Kxd1 f6
8. Be3 e5 9. Nd2 Be6 10. Bc4 Kf7 11. Kc2 a5 12. a4 Nc6 13. Rad1 Be7 14. Bd5 Ra6
15. Nc4 Rb8 16. f4 Bd6 17. g3 b5 18. axb5 Rxb5 19. Rhf1 exf4 20. Bxf4 Ne7 21.
Bg5 Nxd5 22. exd5 Bf5+ 23. Rxf5 gxf5 24. Be3 a4 25. Bc1 Rc5 26. Rd4 Be5 27. Rh4
Kg8 28. Nxe5 fxe5 29. c4 f4 30. Kc3 Rb6 31. b4 axb3 32. gxf4 exf4 33. Rg4+ Kf7
34. Rxf4+ Ke8 35. Rh4 h6 36. Rg4 Ra5 37. Bb2 h5 38. Rg7 Kd8 39. Rh7 1/2-1/2

[Event "BL 1718 DJK Aachen - SV Hofheim"]
[Site "?"]
[Date "2018.03.11"]
[Round "12.4"]
[White "Swinkels, Robin"]
[Black "Ginsburg, Gennadi"]
[Result "1/2-1/2"]
[WhiteElo "2485"]
[BlackElo "2428"]
[PlyCount "50"]
[EventDate "2018.??.??"]
[EventType "team-tourn"]

1. d4 Nf6 2. c4 e6 3. g3 d5 4. Nf3 Bb4+ 5. Bd2 Be7 6. Bg2 O-O 7. O-O c6 8. Qc2
b6 9. Bf4 Bb7 10. Rd1 Nbd7 11. Ne5 Rc8 12. Nc3 Nxe5 13. dxe5 Nd7 14. cxd5 cxd5
15. e4 d4 16. Rxd4 Qc7 17. Qe2 a6 18. Rad1 Nxe5 19. h4 b5 20. a3 h6 21. Qh5 Bf6
22. Rd6 Qc5 23. Be3 Qc7 24. Bf4 Qc5 25. Be3 Qc7 1/2-1/2

[Event "BL 1718 DJK Aachen - SV Hofheim"]
[Site "?"]
[Date "2018.03.11"]
[Round "12.5"]
[White "Lobzhanidze, Davit"]
[Black "Hoffmann, Michael"]
[Result "1-0"]
[WhiteElo "2426"]
[BlackElo "2442"]
[PlyCount "95"]
[EventDate "2018.??.??"]
[EventType "team-tourn"]

1. e4 c5 2. Nf3 e6 3. d3 Nc6 4. c3 d5 5. Qe2 Nf6 6. g3 Be7 7. Bg2 O-O 8. O-O b5
9. e5 Nd7 10. h4 a5 11. a4 b4 12. c4 dxc4 13. dxc4 Bb7 14. Rd1 Qc7 15. Bf4 Nd4
16. Nxd4 cxd4 17. Bxb7 Qxb7 18. Rxd4 Nc5 19. Nd2 Qc6 20. b3 Rfd8 21. Be3 Rxd4
22. Bxd4 Rd8 23. Bxc5 Bxc5 24. Ne4 Be7 25. Rc1 Rd4 26. Nd6 Bxd6 27. exd6 Qxd6
28. c5 Qc7 29. c6 Kf8 30. Rc5 Ke7 31. Qe3 Rd6 32. Qg5+ Kf8 33. Qc1 Ke7 34. Qg5+
Kf8 35. Qc1 Ke7 36. Qc4 f6 37. Qc2 h6 38. Qg6 Kf8 39. Qc2 Ke7 40. Qg6 Rd1+ 41.
Kg2 Kd6 42. Rc2 Rd5 43. Qe8 e5 44. f4 Rd4 45. f5 Kd5 46. Qd7+ Qxd7 47. cxd7 Ke4
48. Rc4 1-0